| 000 | 00591nam a2200205Ia 4500 | ||
|---|---|---|---|
| 005 | 20250923144700.0 | ||
| 008 | 008 250917s9999 xx 000 0 eng d | ||
| 037 | _aTextual | ||
| 040 |
_aDSWL _beng _cDSWL |
||
| 041 |
_aeng _2eng |
||
| 084 | _qDSWL | ||
| 100 |
_aDeshpande, S.R. _9827329 |
||
| 245 | 0 |
_aReport on an enquiry into conditions of labour in the silk Industry in India _cby S.R. Deshpande |
|
| 260 |
_aDelhi _b Manager of Pub. Delhi-11 _c1947 |
||
| 300 | _av,32p. | ||
| 365 |
_aINR _b0.87 |
||
| 925 | _g0.87 | ||
| 942 | _cTEXL | ||
| 999 |
_c1441985 _d1441985 |
||